| 000 | 00959nas a2200301 4500 | ||
|---|---|---|---|
| 001 | BR2014005855 | ||
| 003 | BR-BrBNA | ||
| 005 | 20231205124549.0 | ||
| 007 | ta | ||
| 008 | 230509b bl.|||p| |||| 00| 00por d | ||
| 040 |
_aBR-BrBNA _bpor _cBiblioteca Nacional de Agricultura |
||
| 041 | _a(Pt) | ||
| 072 | _aQ70; F04 | ||
| 100 | 1 | _aNascimento, A.L. | |
| 100 | 1 | _aSampaio, R.A. | |
| 100 | 1 | _aCruz, S.F. da | |
| 100 | 1 | _aZuba Junio, G.R. | |
| 100 | 1 | _aBarbosa, C.F. | |
| 100 | 1 | _aFernandes, L.A. | |
| 245 | 1 | _aMetais pesados em girassol adubado com lodo de esgoto submetido a diferentes processos de estabilização | |
| 650 | _aHELIANTHUS ANNUUS | ||
| 650 | _aMETAL PESADO | ||
| 650 | _aCOMPOSTAGEM | ||
| 650 | _aLODO RESIDUAL | ||
| 773 | 0 |
_tRevista Brasileira de Engenharia Agrícola e Ambiental (Brazil) _xISSN 1415-4366 _g(Jul 2014), V. 18(7) p. 694-699 _wBR2014005855 |
|
| 909 |
_a202311 _bLúcia _c55 _dLúcia Elande |
||
| 942 |
_2AGRIS _n0 _cANA |
||
| 999 |
_c239738 _d239738 |
||